[Event "Maastricht Limburg op 14th"]
[Site "Maastricht"]
[Date "2022.06.04"]
[Round "2"]
[White "Freeke, Matthieu"]
[Black "Bruil, Rembrandt"]
[Result "1/2-1/2"]
[WhiteElo "2347"]
[BlackElo "2166"]
[PlyCount "76"]
[EventDate "2022.06.03"]
[EventType "swiss"]
[EventRounds "7"]
[EventCountry "NED"]
[SourceTitle "CBM 208 Extra"]
[Source "ChessBase"]
[SourceDate "2022.07.31"]
[SourceVersion "1"]
[SourceVersionDate "2022.07.31"]
[SourceQuality "1"]

1. d4 d5 2. Nc3 Nf6 3. Bf4 e6 4. Nb5 Na6 5. e3 c6 6. Nc3 Bb4 7. Bxa6 bxa6 8. Nge2 0-0 9. a3 Be7 10. Na4 Nd7 11. 0-0 a5 12. c4 dxc4 13. Qc2 Ba6 14. Rfd1 Qc8 15. Nec3 Rd8 16. Rac1 Qb7 17. Ne4 Qb5 18. Bd6 Bxd6 19. Nxd6 Qd5 20. Nxc4 Rac8 21. b3 Rb8 22. e4 Qb5 23. Rb1 Nb6 24. Ne5 Nxa4 25. bxa4 Qe2 26. Qxe2 Bxe2 27. Nxc6 Bxd1 28. Rxb8 Rxb8 29. Nxb8 Bxa4 30. Na6 Kf8 31. Nc5 Bb5 32. f4 Ke7 33. Kf2 Kd6 34. Nb7+ Kc7 35. Nxa5 Kb6 36. Nb3 Bc6 37. Ke3 Kb5 38. Nc5 Kc4 1/2-1/2

[Event "Maastricht Limburg op 14th"]
[Site "Maastricht"]
[Date "2022.06.04"]
[Round "3"]
[White "Marciano, Orry M"]
[Black "Freeke, Matthieu"]
[Result "0-1"]
[WhiteElo "1753"]
[BlackElo "2347"]
[PlyCount "26"]
[EventDate "2022.06.03"]
[EventType "swiss"]
[EventRounds "7"]
[EventCountry "NED"]
[SourceTitle "CBM 208 Extra"]
[Source "ChessBase"]
[SourceDate "2022.07.31"]
[SourceVersion "1"]
[SourceVersionDate "2022.07.31"]
[SourceQuality "1"]

1. Nf3 d5 2. g3 c5 3. Bg2 Nc6 4. d4 e6 5. 0-0 Nf6 6. c4 dxc4 7. dxc5 Qxd1 8. Rxd1 Bxc5 9. Nbd2 c3 10. bxc3 0-0 11. Nb3 Be7 12. c4 Bd7 13. Be3 b6 0-1

[Event "Vlissingen HZ op 20th"]
[Site "Vlissingen"]
[Date "2016.08.12"]
[Round "8"]
[White "Freeke, Matthieu"]
[Black "Franssen, Jeroen"]
[Result "1/2-1/2"]
[WhiteElo "2354"]
[BlackElo "2156"]
[PlyCount "93"]
[EventDate "2016.08.06"]
[EventType "swiss"]
[EventRounds "9"]
[EventCountry "NED"]
[SourceTitle "CBM 173 Extra"]
[Source "ChessBase"]
[SourceDate "2016.08.29"]
[SourceVersion "1"]
[SourceVersionDate "2016.08.29"]
[SourceQuality "1"]

1. d4 d5 2. c4 c6 3. Nf3 Nf6 4. e3 e6 5. b3 Nbd7 6. Bb2 Bd6 7. Bd3 0-0 8. 0-0 Ne4 9. Ne5 f6 10. Nxd7 Bxd7 11. f3 Ng5 12. f4 Ne4 13. Bxe4 dxe4 14. Qc2 f5 15. Ba3 Bxa3 16. Nxa3 Qa5 17. Qb2 c5 18. Rad1 Bc6 19. Nc2 b5 20. dxc5 bxc4 21. b4 Qa4 22. Nd4 Bd5 23. Qc3 Rab8 24. a3 a6 25. Rd2 h6 26. h3 Rb7 27. g4 Qe8 28. gxf5 exf5 29. Rg2 Qe7 30. Kh2 Qf6 31. Rfg1 Kh7 32. Ne2 Qxc3 33. Nxc3 Bc6 34. Rg6 Rc8 35. Rd6 a5 36. Rb1 Be8 37. Rd4 Bf7 38. Na4 Rb5 39. Nb6 Rcxc5 40. bxc5 Rxb1 41. Nxc4 Rc1 42. Ne5 Bb3 43. c6 Rc3 44. Rd8 Ba4 45. Rf8 Bxc6 46. Nxc6 Rxc6 47. Rxf5 1/2-1/2

[Event "Vlissingen HZ op 20th"]
[Site "Vlissingen"]
[Date "2016.08.10"]
[Round "6"]
[White "Freeke, Matthieu"]
[Black "Smeets, Pierre"]
[Result "1-0"]
[WhiteElo "2354"]
[BlackElo "2107"]
[PlyCount "67"]
[EventDate "2016.08.06"]
[EventType "swiss"]
[EventRounds "9"]
[EventCountry "NED"]
[SourceTitle "CBM 173 Extra"]
[Source "ChessBase"]
[SourceDate "2016.08.29"]
[SourceVersion "1"]
[SourceVersionDate "2016.08.29"]
[SourceQuality "1"]

1. d4 d5 2. c4 c6 3. cxd5 cxd5 4. Bf4 Nf6 5. Nc3 Qb6 6. e3 Bf5 7. Bb5+ Nc6 8. Nf3 a6 9. Bxc6+ bxc6 10. 0-0 e6 11. Ne5 Nd7 12. Nxd7 Kxd7 13. Na4 Qb5 14. Rc1 Be7 15. f3 Rhc8 16. b3 Ba3 17. Nc5+ Ke8 18. e4 Bg6 19. Rc2 Rd8 20. Bc7 Rdc8 21. Be5 f6 22. Bd6 Kf7 23. Re1 Rd8 24. Bc7 Rdc8 25. Bf4 Rd8 26. Bc1 Bb4 27. Bd2 dxe4 28. Bxb4 Qxb4 29. Rc4 Qb6 30. fxe4 e5 31. Qg4 Ra7 32. dxe5 Re7 33. e6+ Kg8 34. Kh1 1-0

[Event "NED CupT 1314"]
[Site "Wijchen"]
[Date "2014.05.29"]
[Round "1.1"]
[White "Ten Hertog, Hugo"]
[Black "Freeke, Matthieu"]
[Result "0-1"]
[WhiteElo "2353"]
[BlackElo "2345"]
[PlyCount "52"]
[EventDate "2014.05.29"]
[EventType "team-k.o."]
[EventRounds "2"]
[EventCountry "NED"]
[SourceTitle "CBM 160 Extra"]
[Source "ChessBase"]
[SourceDate "2014.07.01"]
[SourceVersion "1"]
[SourceVersionDate "2014.07.01"]
[SourceQuality "1"]
[WhiteTeam "Paul Keres"]
[BlackTeam "Delft"]
[WhiteTeamCountry "NED"]
[BlackTeamCountry "NED"]

1. c4 e6 2. b3 d5 3. Bb2 d4 4. e3 c5 5. b4 dxe3 6. fxe3 cxb4 7. Nf3 Nf6 8. d4 Nbd7 9. Nbd2 b6 10. Bd3 Bb7 11. 0-0 Bd6 12. e4 Nc5 13. Qc2 Nxd3 14. Qxd3 Bf4 15. e5 Ng4 16. Rae1 0-0 17. h3 Nh6 18. Ne4 Nf5 19. d5 b5 20. Nf6+ gxf6 21. exf6 bxc4 22. Qe4 Qb6+ 23. Bd4 Nxd4 24. Nxd4 e5 25. Qf5 Qxd4+ 26. Kh1 Kh8 0-1

[Event "Vlissingen HZ op 17th"]
[Site "Vlissingen"]
[Date "2013.08.06"]
[Round "5"]
[White "Ernst, Sipke"]
[Black "Freeke, Matthieu"]
[Result "1-0"]
[WhiteElo "2560"]
[BlackElo "2332"]
[PlyCount "67"]
[EventDate "2013.08.03"]
[EventType "swiss"]
[EventRounds "9"]
[EventCountry "NED"]
[SourceTitle "CBM 155 Extra"]
[Source "ChessBase"]
[SourceDate "2013.08.26"]
[SourceVersion "1"]
[SourceVersionDate "2013.08.26"]
[SourceQuality "1"]

1. c4 e6 2. Nc3 d5 3. d4 Nf6 4. Nf3 Be7 5. Bg5 h6 6. Bh4 0-0 7. e3 b6 8. Bd3 Bb7 9. 0-0 Nbd7 10. Qe2 c5 11. Bg3 Ne4 12. cxd5 exd5 13. Rad1 Qc8 14. Rc1 Ndf6 15. Ne5 Nxg3 16. hxg3 c4 17. Bb1 a6 18. f4 b5 19. Qf3 h5 20. Nd1 a5 21. Nf2 Ra6 22. f5 Re8 23. g4 hxg4 24. Nfxg4 Nxg4 25. Nxg4 Bg5 26. Kf2 f6 27. Rh1 Kf7 28. Rh7 Rg8 29. Bc2 Qd8 30. Rch1 Qd6 31. a3 Raa8 32. R1h5 Rae8 33. Rxg5 fxg5 34. f6 1-0

[Event "Vlissingen HZ op 14th"]
[Site "Vlissingen"]
[Date "2010.08.13"]
[Round "8"]
[White "Freeke, Matthieu"]
[Black "Henrichs, Thomas"]
[Result "0-1"]
[WhiteElo "2315"]
[BlackElo "2490"]
[PlyCount "98"]
[EventDate "2010.08.07"]
[EventType "swiss"]
[EventRounds "9"]
[EventCountry "NED"]
[SourceTitle "CBM 137 Extra"]
[Source "ChessBase"]
[SourceDate "2010.09.01"]
[SourceVersion "1"]
[SourceVersionDate "2010.09.01"]
[SourceQuality "1"]

1. d4 d5 2. c4 c6 3. cxd5 cxd5 4. Nf3 Nf6 5. Nc3 Nc6 6. Bf4 Bf5 7. e3 e6 8. Qb3 Bb4 9. Bb5 Bxc3+ 10. Qxc3 0-0 11. Bxc6 Rc8 12. Ne5 Ng4 13. Nxg4 Bxg4 14. 0-0 Rxc6 15. Qa3 a6 16. Rfc1 Qd7 17. Rxc6 Qxc6 18. Qc5 Qxc5 19. dxc5 Rc8 20. Bd6 f6 21. b4 Bh5 22. f3 Be8 23. Kf2 Bc6 24. g4 Kf7 25. h4 Ra8 26. Bc7 e5 27. Rd1 Ke6 28. a3 h5 29. Kg3 hxg4 30. Kxg4 Rh8 31. Rd2 Rh6 32. Kg3 Kf5 33. Bd6 Rh5 34. Rh2 Ke6 35. Rd2 Rf5 36. f4 e4 37. Kg4 Bd7 38. Kg3 Rh5 39. Rg2 Rh6 40. Kf2 Kf7 41. Rh2 Bb5 42. Kg3 Ke6 43. Kf2 d4 44. exd4 Kd5 45. Ke3 Rg6 46. f5 Rg1 47. Bf8 Rg3+ 48. Kf2 Rf3+ 49. Ke1 e3 0-1

[Event "Vlissingen HZ op 13th"]
[Site "Vlissingen"]
[Date "2009.08.08"]
[Round "9"]
[White "Bosch, Jeroen"]
[Black "Freeke, Matthieu"]
[Result "0-1"]
[WhiteElo "2456"]
[BlackElo "2264"]
[PlyCount "78"]
[EventDate "2009.08.01"]
[EventType "swiss"]
[EventRounds "9"]
[EventCountry "NED"]
[SourceTitle "CBM 131 Extra"]
[Source "ChessBase"]
[SourceDate "2009.09.03"]
[SourceVersion "2"]
[SourceVersionDate "2009.09.16"]
[SourceQuality "1"]

1. d4 Nf6 2. Nc3 d5 3. Bg5 c6 4. e3 Qb6 5. Rb1 g6 6. Bd3 Bg7 7. f4 0-0 8. Nf3 Bg4 9. 0-0 Nbd7 10. h3 Bxf3 11. Qxf3 e6 12. Ne2 c5 13. c3 Qc6 14. b4 cxb4 15. cxb4 Rac8 16. Rb3 Nb6 17. Rc1 Qd7 18. Qf1 Ne4 19. Bxe4 dxe4 20. b5 Nd5 21. Bh4 Rxc1 22. Qxc1 Rc8 23. Qb2 Rc4 24. Bf2 Qc7 25. Qb1 f5 26. Kh2 b6 27. Kg1 Bf8 28. a3 Rc2 29. Rb2 Rxb2 30. Qxb2 Qc4 31. g4 Qd3 32. gxf5 gxf5 33. Qa2 Qxa3 34. Qc4 Qd3 35. Qc8 Kf7 36. Qd7+ Be7 37. Kf1 Qd1+ 38. Be1 Nxe3+ 39. Kf2 Nd5 0-1

[Event "Dos Hermanas Internet qual-E 10th"]
[Site "ICC INT"]
[Date "2009.03.15"]
[Round "9"]
[White "Bortnyk, Olexandr"]
[Black "Freeke, Matthieu"]
[Result "0-1"]
[WhiteElo "2170"]
[BlackElo "2304"]
[PlyCount "88"]
[EventDate "2009.03.15"]
[EventType "swiss (blitz)"]
[EventRounds "12"]
[EventCountry "ESP"]
[SourceTitle "CBM 129 Extra"]
[Source "ChessBase"]
[SourceDate "2009.05.05"]
[SourceVersion "2"]
[SourceVersionDate "2009.05.20"]
[SourceQuality "1"]

1. e4 e5 2. Nf3 Nc6 3. Bb5 a6 4. Ba4 Nf6 5. Qe2 b5 6. Bb3 Be7 7. 0-0 d6 8. a4 Bg4 9. c3 Na5 10. Bc2 b4 11. cxb4 Nc6 12. Qc4 Qd7 13. Ng5 0-0 14. Bb3 Bh5 15. Nc3 h6 16. Nh3 Nd4 17. Kh1 Rfb8 18. d3 c6 19. Be3 Nxb3 20. Qxb3 d5 21. exd5 cxd5 22. Bd2 Rxb4 23. Qa2 Rab8 24. Rab1 Bg6 25. f4 Bxd3 26. fxe5 Bxb1 27. Rxb1 Ne4 28. Nxe4 dxe4 29. Bxb4 Bxb4 30. Qb3 a5 31. Nf2 Qf5 32. Rf1 Re8 33. Qe3 Qxe5 34. Ng4 Qg5 35. Qg3 f5 36. Ne3 Qxg3 37. hxg3 g6 38. Nd5 Kg7 39. Ne3 Rd8 40. Rc1 Rd7 41. Rc2 Kf6 42. b3 f4 43. Rc6+ Kg7 44. gxf4 Rd1+ 0-1

[Event "Dos Hermanas Internet qual-E 10th"]
[Site "ICC INT"]
[Date "2009.03.15"]
[Round "4"]
[White "Freeke, Matthieu"]
[Black "Hausrath, Daniel"]
[Result "1/2-1/2"]
[WhiteElo "2304"]
[BlackElo "2493"]
[PlyCount "27"]
[EventDate "2009.03.15"]
[EventType "swiss (blitz)"]
[EventRounds "12"]
[EventCountry "ESP"]
[SourceTitle "CBM 129 Extra"]
[Source "ChessBase"]
[SourceDate "2009.05.05"]
[SourceVersion "2"]
[SourceVersionDate "2009.05.20"]
[SourceQuality "1"]

1. d4 Nf6 2. c4 Nc6 3. Nf3 e6 4. a3 g6 5. Nc3 Bg7 6. e4 d6 7. Be2 0-0 8. h3 Re8 9. d5 exd5 10. cxd5 Ne5 11. Nxe5 Rxe5 12. Qc2 c6 13. dxc6 bxc6 14. 0-0 1/2-1/2

[Event "Dos Hermanas Internet qual-C 10th"]
[Site "ICC INT"]
[Date "2009.03.14"]
[Round "10"]
[White "Dziuba, Marcin"]
[Black "Freeke, Matthieu"]
[Result "1-0"]
[WhiteElo "2556"]
[BlackElo "2304"]
[PlyCount "61"]
[EventDate "2009.03.14"]
[EventType "swiss (blitz)"]
[EventRounds "12"]
[EventCountry "ESP"]
[SourceTitle "CBM 129 Extra"]
[Source "ChessBase"]
[SourceDate "2009.05.05"]
[SourceVersion "2"]
[SourceVersionDate "2009.05.20"]
[SourceQuality "1"]

1. d4 d5 2. c4 e6 3. Nc3 Be7 4. cxd5 exd5 5. Bf4 c6 6. e3 Bf5 7. g4 Be6 8. Bd3 Nf6 9. g5 Nfd7 10. h4 Nb6 11. h5 Bxg5 12. Bg3 Be7 13. Nf3 Bd6 14. Bh4 Be7 15. Qc2 h6 16. Bg3 Bd6 17. Ne5 Qe7 18. f4 Bxe5 19. dxe5 Na6 20. 0-0-0 Nb4 21. Qe2 Qc5 22. Bb1 Na4 23. Qd2 Nxc3 24. Qxc3 Qxc3+ 25. bxc3 Na6 26. f5 Bd7 27. Bh4 Nc5 28. Rhg1 Rg8 29. Rg2 Ne4 30. Bxe4 dxe4 31. Rgd2 1-0

[Event "Dos Hermanas Internet qual-C 10th"]
[Site "ICC INT"]
[Date "2009.03.14"]
[Round "5"]
[White "Freeke, Matthieu"]
[Black "Fier, Alexandr"]
[Result "0-1"]
[WhiteElo "2304"]
[BlackElo "2590"]
[PlyCount "64"]
[EventDate "2009.03.14"]
[EventType "swiss (blitz)"]
[EventRounds "12"]
[EventCountry "ESP"]
[SourceTitle "CBM 129 Extra"]
[Source "ChessBase"]
[SourceDate "2009.05.05"]
[SourceVersion "2"]
[SourceVersionDate "2009.05.20"]
[SourceQuality "1"]

1. d4 Nf6 2. c4 g6 3. Nc3 d5 4. Nf3 Bg7 5. Bg5 dxc4 6. Qa4+ Bd7 7. Qxc4 0-0 8. e4 b5 9. Nxb5 Bxb5 10. Qxb5 Nxe4 11. Qb7 Nxg5 12. Qxa8 Nxf3+ 13. Qxf3 Qxd4 14. Be2 Qb4+ 15. Kf1 Qxb2 16. Rd1 Qxa2 17. g3 a5 18. Kg2 a4 19. Rc1 c6 20. Bc4 Qb2 21. Rb1 Qd4 22. Bxf7+ Kh8 23. Rhd1 Qe5 24. Re1 Qc7 25. Rb4 e5 26. Rxa4 Rxf7 27. Qe2 Nd7 28. Ra8+ Rf8 29. Ra4 Nf6 30. Rc4 Nd5 31. Qe4 Qb6 32. Rec1 Qxf2+ 0-1

[Event "Dos Hermanas Internet qual-C 10th"]
[Site "ICC INT"]
[Date "2009.03.14"]
[Round "11"]
[White "Freeke, Matthieu"]
[Black "Shankland, Samuel L"]
[Result "0-1"]
[WhiteElo "2304"]
[BlackElo "2453"]
[PlyCount "92"]
[EventDate "2009.03.14"]
[EventType "swiss (blitz)"]
[EventRounds "12"]
[EventCountry "ESP"]
[SourceTitle "CBM 129 Extra"]
[Source "ChessBase"]
[SourceDate "2009.05.05"]
[SourceVersion "2"]
[SourceVersionDate "2009.05.20"]
[SourceQuality "1"]

1. d4 d5 2. c4 c6 3. Nf3 Nf6 4. e3 e6 5. b3 Nbd7 6. Bb2 Bd6 7. Bd3 0-0 8. Nbd2 b6 9. 0-0 Bb7 10. Ne5 c5 11. f4 cxd4 12. exd4 dxc4 13. bxc4 a6 14. Qe2 b5 15. cxb5 axb5 16. Bxb5 Nb6 17. a4 Nbd5 18. Rae1 g6 19. Ndf3 Qe7 20. Ng5 h6 21. Ngxf7 Rxf7 22. Nxg6 Qe8 23. Bd3 Rg7 24. f5 exf5 25. Qxe8+ Rxe8 26. Bxf5 Ne3 27. Rxe3 Rxe3 28. d5 Nxd5 29. Bxg7 Kxg7 30. Nh4 Nf4 31. Bd7 Re2 32. Bb5 Rxg2+ 33. Nxg2 Bc5+ 34. Rf2 Bxg2 35. a5 Kf6 36. a6 Kg5 37. Bf1 Bf3 38. a7 Bxa7 39. h4+ Kxh4 40. Bh3 Nxh3+ 41. Kh2 Nxf2 42. Kg1 Ng4+ 43. Kf1 Kg3 44. Ke1 h5 45. Kd2 h4 46. Kc3 h3 0-1

[Event "Tilburg Stukkenjagers op-A"]
[Site "Tilburg"]
[Date "2006.08.19"]
[Round "4"]
[White "Afek, Yochanan"]
[Black "Freeke, Matthieu"]
[Result "1-0"]
[WhiteElo "2316"]
[BlackElo "2176"]
[PlyCount "91"]
[EventDate "2006.08.18"]
[EventType "swiss"]
[EventRounds "6"]
[EventCountry "NED"]
[SourceTitle "CBM 113 Extra"]
[Source "ChessBase"]
[SourceDate "2006.09.14"]
[SourceVersion "1"]
[SourceVersionDate "2006.09.14"]
[SourceQuality "1"]

1. e4 e5 2. Nf3 Nc6 3. d4 exd4 4. Nxd4 Bc5 5. Be3 Qf6 6. c3 Nge7 7. g3 h5 8. h3 h4 9. g4 Ng6 10. Nf5 Bxe3 11. Nxe3 Nf4 12. Nd5 Qe5 13. Nxf4 Qxf4 14. Bg2 Ne5 15. Na3 0-0 16. Nb5 c6 17. Nd6 b6 18. Qe2 a5 19. Rd1 Ba6 20. c4 b5 21. cxb5 cxb5 22. Qe3 Qxe3+ 23. fxe3 b4 24. Bf1 f6 25. Kf2 Rfb8 26. Nf5 Bb7 27. Rd4 g6 28. Nd6 Bc6 29. Be2 Kf8 30. Rc1 Ke7 31. Rc5 b3 32. a3 a4 33. Nc4 Nf7 34. e5 Rf8 35. exf6+ Kxf6 36. Ke1 g5 37. Rf5+ Kg7 38. Nb6 Rae8 39. Nxd7 Rh8 40. Bc4 Rxe3+ 41. Kd2 Re7 42. Rxf7+ Rxf7 43. Bxf7 Bg2 44. Bd5 Bxh3 45. Rxa4 Rd8 46. Ra7 1-0

[Event "Vlissingen HZ op 10th"]
[Site "Vlissingen"]
[Date "2006.08.10"]
[Round "7"]
[White "Freeke, Matthieu"]
[Black "Roy Chowdhury, Saptarshi"]
[Result "1/2-1/2"]
[WhiteElo "2176"]
[BlackElo "2394"]
[PlyCount "54"]
[EventDate "2006.08.05"]
[EventType "swiss"]
[EventRounds "9"]
[EventCountry "NED"]
[SourceTitle "CBM 113 Extra"]
[Source "ChessBase"]
[SourceDate "2006.09.14"]
[SourceVersion "1"]
[SourceVersionDate "2006.09.14"]
[SourceQuality "1"]

1. d4 Nf6 2. c4 e6 3. Nc3 c5 4. d5 exd5 5. cxd5 d6 6. Nf3 g6 7. Bf4 Nh5 8. Bg5 f6 9. Bh4 Be7 10. e3 0-0 11. Be2 Ng7 12. 0-0 Nf5 13. Bg3 Nxg3 14. hxg3 f5 15. Qc2 Bf6 16. Rab1 b6 17. b4 Nd7 18. Bb5 Ne5 19. Nxe5 Bxe5 20. Bc6 Rb8 21. bxc5 dxc5 22. Rfd1 Bxc3 23. Qxc3 Qd6 24. a4 Bb7 25. Bb5 Rf7 26. Bc4 Bc8 27. a5 Bd7 1/2-1/2